Detalles MARC
| 000 -LEADER |
| fixed length control field |
01892nam a2200493Ii 4500 |
| 001 - CONTROL NUMBER |
| control field |
DIGSCR0023 |
| 003 - CONTROL NUMBER IDENTIFIER |
| control field |
NyNyDIG |
| 006 - FIXED-LENGTH DATA ELEMENTS--ADDITIONAL MATERIAL CHARACTERISTICS |
| fixed length control field |
m o d |
| 007 - PHYSICAL DESCRIPTION FIXED FIELD--GENERAL INFORMATION |
| fixed length control field |
cr ||||||||||| |
| 008 - FIXED-LENGTH DATA ELEMENTS--GENERAL INFORMATION |
| fixed length control field |
100625s1986 mdu ob 000 0 eng d |
| 020 ## - INTERNATIONAL STANDARD BOOK NUMBER |
| Canceled/invalid ISBN |
0916379337 |
| 020 ## - INTERNATIONAL STANDARD BOOK NUMBER |
| Canceled/invalid ISBN |
9780916379339 |
| 035 ## - SYSTEM CONTROL NUMBER |
| System control number |
(OCoLC)566271346 |
| 040 ## - CATALOGING SOURCE |
| Original cataloging agency |
DGITA |
| Language of cataloging |
eng |
| Description conventions |
pn |
| Transcribing agency |
DGITA |
| 041 1# - LANGUAGE CODE |
| Language code of text/sound track or separate title |
eng |
| -- |
ita |
| 043 ## - GEOGRAPHIC AREA CODE |
| Geographic area code |
e-it--- |
| 050 14 - LIBRARY OF CONGRESS CALL NUMBER |
| Classification number |
PR5408 eBook |
| 100 1# - MAIN ENTRY--PERSONAL NAME |
| Personal name |
Yost, George, |
| Dates associated with a name |
1910- |
| 245 10 - TITLE STATEMENT |
| Title |
Pieracci and Shelley, an Italian ur-Cenci / |
| Statement of responsibility, etc. |
George Yost. |
| 264 #1 - PRODUCTION, PUBLICATION, DISTRIBUTION, MANUFACTURE, AND COPYRIGHT NOTICE |
| Place of production, publication, distribution, manufacture |
Potomac, Md., U.S.A. : |
| Name of producer, publisher, distributor, manufacturer |
Scripta Humanistica, |
| Date of production, publication, distribution, manufacture, or copyright notice |
1986. |
| 300 ## - PHYSICAL DESCRIPTION |
| Extent |
1 online resource (ix, 141 pages) |
| 336 ## - CONTENT TYPE |
| Content type term |
text |
| Content type code |
txt |
| Source |
rdacontent |
| 337 ## - MEDIA TYPE |
| Media type term |
computer |
| Media type code |
c |
| Source |
rdamedia |
| 338 ## - CARRIER TYPE |
| Carrier type term |
online resource |
| Carrier type code |
cr |
| Source |
rdacarrier |
| 490 1# - SERIES STATEMENT |
| Series statement |
Scripta humanistica ; |
| Volume/sequential designation |
19. |
| 500 ## - GENERAL NOTE |
| General note |
Includes the original Italian and English translation version of Vincenzo Pieracci's Beatrice Cenci. |
| 504 ## - BIBLIOGRAPHY, ETC. NOTE |
| Bibliography, etc. note |
Includes bibliographical references. |
| 600 10 - SUBJECT ADDED ENTRY--PERSONAL NAME |
| Personal name |
Shelley, Percy Bysshe, |
| Dates associated with a name |
1792-1822 |
| Title of a work |
Cenci |
| General subdivision |
Sources. |
| 600 10 - SUBJECT ADDED ENTRY--PERSONAL NAME |
| Personal name |
Pieracci, Vincenzo, |
| Dates associated with a name |
1768-1834. |
| Title of a work |
Beatrice Cenci. |
| 600 10 - SUBJECT ADDED ENTRY--PERSONAL NAME |
| Personal name |
Shelley, Percy Bysshe, |
| Dates associated with a name |
1792-1822 |
| General subdivision |
Knowledge |
| Geographic subdivision |
Italy. |
| 600 10 - SUBJECT ADDED ENTRY--PERSONAL NAME |
| Personal name |
Pieracci, Vincenzo, |
| Dates associated with a name |
1768-1834 |
| General subdivision |
Influence. |
| 600 10 - SUBJECT ADDED ENTRY--PERSONAL NAME |
| Personal name |
Cenci, Beatrice, |
| Dates associated with a name |
1577-1599 |
| General subdivision |
In literature. |
| 600 10 - SUBJECT ADDED ENTRY--PERSONAL NAME |
| Personal name |
Cenci, Beatrice, |
| Dates associated with a name |
1577-1599 |
| Form subdivision |
Drama. |
| 650 #0 - SUBJECT ADDED ENTRY--TOPICAL TERM |
| Topical term or geographic name entry element |
English poetry |
| General subdivision |
Italian influences. |
| 651 #0 - SUBJECT ADDED ENTRY--GEOGRAPHIC NAME |
| Geographic name |
Rome (Italy) |
| General subdivision |
In literature. |
| 655 #0 - INDEX TERM--GENRE/FORM |
| Genre/form data or focus term |
Electronic books. |
| 700 12 - ADDED ENTRY--PERSONAL NAME |
| Personal name |
Pieracci, Vincenzo, |
| Dates associated with a name |
1768-1834. |
| Title of a work |
Beatrice Cenci. |
| Language of a work |
English & Italian. |
| Date of a work |
1986. |
| 791 2# - |
| -- |
Digitalia (Firm), |
| -- |
distributor. |
| 793 0# - |
| -- |
Digitalia eBook Collection: |
| -- |
Scripta Humanistica. |
| 830 #0 - SERIES ADDED ENTRY--UNIFORM TITLE |
| Uniform title |
Scripta Humanistica (Series) ; |
| Volume/sequential designation |
19. |
| 856 40 - ELECTRONIC LOCATION AND ACCESS |
| Materials specified |
Digitalia Hispánica |
| Uniform Resource Identifier |
<a href="https://www.digitaliapublishing.com/a/252/">https://www.digitaliapublishing.com/a/252/</a> |
| 910 ## - USER-OPTION DATA (OCLC) |
| User-option data |
Premium Collection: 2007-2012 |
| 942 ## - ADDED ENTRY ELEMENTS (KOHA) |
| Koha item type |
Recurso Electrónico |